000
00327nam a22001337a 4500
008
170320b xxu||||| |||| 00| 0 eng d
020
_a
9781585620111
041
_a
eng
080
_2
2ND
_a
616.8
100
_a
7
101
_a
SHM
245
_a
NEUROLEPTIC MALIGNANAT SYNDROME AND RELATED CONDITIONS
_c
MANN, S.C
942
_2
udc
_c
BK
999
_c
8073
_d
8073